• 首页
  • 本馆介绍
  • 公告通知
  • 最新文献
  • 馆藏检索
  • 电子资源
  • 读者导购
  • 参考咨询
  • 我的图书馆
  • 登录
  • 详细信息显示
  • 放入我的书架
  • 预约/预借图书
  • 作者相关作品
  • 分类相关作品
  • 丛书相关作品
  • 出版社相关作品

书目信息

  • 表格格式
  • 工作单格式
  • 卡片格式
书名: The Brest fortress
作者: Nikolai Kudryashov.
分册号:
分册名:
出版地: Moscow :
 
出版社: Raduga Publishers
出版时间: 1987.
页数: 85 p.
开本:
丛书名:
中图分类号:
科图分类号:
其他分类号: G263.512-62
主题词:
电子资源:
000 00460nam 22001697a 4500
001 E0730939849
005 20070226083604.92
008 040217s1987 rura 000 0 eng d
020    @a5050006902.
040    @aNUL@cNUL
090    @aD76/W12
090    @aG263.512-62
099    @dG263.512-62@ex3
100 1  @aKudryashov, Nikolai.
245 14 @aThe Brest fortress :@ba guide / @cNikolai Kudryashov.
260    @aMoscow :@bRaduga Publishers,@c1987.
300    @a85 p.
    
    The Brest fortress : : a guide / / Nikolai Kudryashov.-Moscow : : Raduga Publishers, , 1987.
    85 p.
    
    
    ISBN 5050006902.
    
●
相关链接 在E读中查询图书 在五车中查询图书 在当当中查询图书 在豆瓣中查询图书


正题名:Brest fortress     索取号:G263.512-62/x3         预约/预借

序号 登录号 条形码 馆藏地/架位号 状态 备注
1 182857   001171412   第二样本阅览室/ [索取号:G263.512-62/x3] 在馆    
2 182858   001171378   第四借阅区/ [索取号:G263.512-62/x3] 在馆    
唐山师范学院图书馆 欢迎您!
大连网信软件有限公司© 版权所有